History by Picture - S - Statistics

General Stats
  • This quiz has been taken 27,918 times
    27,877 since last reset
  • The average score is 13 of 18
Answer Stats
Picture Hint Answer % Correct
leader Joseph Stalin
96%
built around 2500 B.C. The Great {Sphinx}
95%
writer William Shakespeare
95%
former country Soviet Union
90%
ancient city-state Sparta
88%
type of warrior Samurai
83%
lost its independence in 1707 Scotland
82%
extinct animal Sabre-tooth cat
77%
U.S. village - 1692 Salem
76%
made headlines in 1957 Sputnik 1
74%
weapon Sling
70%
leader's title Sultan
65%
country - former name Siam
63%
religion started in the 1400s {Sikh}ism
63%
thousands of peasants died building this city in the early 1700s St. Petersburg
51%
leader Sitting Bull
45%
empire {Spanish} Empire
33%
Buddhist monastery founded 464 AD Shaolin Monastery
31%
No matching quizzes found
Score Distribution
Percent of People with Each Score
Percentile by Number Answered
Your Score History
You have not taken this quiz since the last reset